000 00500nam a2200181Ia 4500
005 20250603145743.0
008 250603s9999 xx 000 0 und d
020 _a9789789347513
050 _aPN 4781 .S64/
100 _aEdited by Tayo Popoola
245 0 _aSpecialized reporting : a global trend in media training (Vol. 2)
260 _aLagos
260 _bThe Nigeria Union of Journalists (NUJ) Lagos State Council.
260 _c2013
300 _a287 p
650 _aLagos
942 _cBK
999 _c42751
_d42751